000 00548nam a2200157 a 4500
008 120416s1986 ||||||||||||||||| || u
050 _aTH 845 Sal
100 _aSalvadori, Mario
245 1 0 _aStructure in architecture
246 _athe building of buildings
250 _a3rd. ed.
260 _aEnglewood cliffs
_bFT Prentice-Hall
_c1986
300 _a[xiv] 464p. : ill.
350 _a0.00
995 _D0.00
_FCBU-MAIN LIBRARY (Kitwe)
_H1
_I48.15
_UAVAILABLE
_ZAnnex Low-Usage Collection
999 _c58714
_d58714